Sổ tay kiến thức địa lí trung học phổ thông
Sách gồm những kiến thức địa lí cơ bản của các lớp 10, 11, 12. Những kiến thức này được chọn lọc từ các bài học trong sách giáo khoa địa lí trình học phổ thông.
Đã lưu trong:
| 主要作者: | |
|---|---|
| 格式: | 圖書 |
| 語言: | Undetermined |
| 出版: |
Hà Nội
Giáo dục
2009
|
| 主題: | |
| 標簽: |
添加標簽
沒有標簽, 成為第一個標記此記錄!
|
| Thư viện lưu trữ: | Trung tâm Học liệu Trường Đại học Cần Thơ |
|---|
| LEADER | 00893nam a2200217Ia 4500 | ||
|---|---|---|---|
| 001 | CTU_182647 | ||
| 008 | 210402s9999 xx 000 0 und d | ||
| 020 | |c 27000 | ||
| 082 | |a 910.712 | ||
| 082 | |b Th455 | ||
| 100 | |a Lê, Thông | ||
| 245 | 0 | |a Sổ tay kiến thức địa lí trung học phổ thông | |
| 245 | 0 | |c Lê Thông chủ biên | |
| 260 | |a Hà Nội | ||
| 260 | |b Giáo dục | ||
| 260 | |c 2009 | ||
| 520 | |a Sách gồm những kiến thức địa lí cơ bản của các lớp 10, 11, 12. Những kiến thức này được chọn lọc từ các bài học trong sách giáo khoa địa lí trình học phổ thông. | ||
| 650 | |a Geography,Địa lý | ||
| 650 | |x Study and teaching (Secondary),Dạy và học (trung học) | ||
| 904 | |i Hải | ||
| 980 | |a Trung tâm Học liệu Trường Đại học Cần Thơ | ||